000 00571nam a2200181Ia 4500
003 GCL
005 20240530110115.0
008 140319s9999 xx 000 0 ara d
040 _aGCL /
_cGCL
082 0 4 _a400.7
_bم ا
100 1 _aمارك ريشل
245 1 0 _aاكتساب اللغة /
_cمارك ريشل
260 _a [ بيروت ] :
_bالمؤسسة الجامعية للدراسات والنشر والتوزيع ،
_c1984
300 _a229
_b24 سم
650 0 4 _aاللغة العربية
650 0 4 _aطرق تدريس اللغة
942 _2ddc
_cBK
999 _c58608
_d58608